[Event "57th Biel Master Open"]
[Site "Biel SUI"]
[Date "2024.07.15"]
[Round "1.1"]
[White "Aryan, Chopra"]
[Black "Kolbus, Dietmar"]
[Result "1-0"]
[WhiteTitle "GM"]
[BlackTitle "IM"]
[WhiteElo "2632"]
[BlackElo "2230"]
[WhiteFideId "5084423"]
[BlackFideId "4610628"]
[EventDate "2024.07.15"]

1. e4 c6 2. d4 d5 3. e5 Bf5 4. Nf3 e6 5. Be2 c5 6. Be3 Nd7 7. O-O c4 8. a4 a6 9.
Nbd2 h6 10. Ne1 Ne7 11. f4 Qc7 12. c3 Rc8 13. g4 Bh7 14. Ng2 f5 15. g5 b5 16.
axb5 axb5 17. h4 g6 18. h5 Qb7 19. Kf2 Bg7 20. Rh1 Nf8 21. Nf1 gxh5 22. Ng3 hxg5
23. Nxh5 Kf7 24. fxg5 Bg6 25. Nxg7 Kxg7 26. Rxh8 Kxh8 27. Qh1+ Kg8 28. Qh6 Ra8
29. Rh1 Kf7 30. Nf4 Qc6 31. Bh5 Qe8 32. Nxg6 Nexg6 33. Bxg6+ Nxg6 34. Qh7+ Kf8
35. Rh6 Qf7 36. Qxg6 1-0

[Event "57th Biel Master Open"]
[Site "Biel SUI"]
[Date "2024.07.15"]
[Round "1.2"]
[White "Papaux, Steve"]
[Black "Mendonca, Leon Luke"]
[Result "0-1"]
[BlackTitle "GM"]
[WhiteElo "2228"]
[BlackElo "2615"]
[WhiteFideId "1337602"]
[BlackFideId "35028561"]
[EventDate "2024.07.15"]

1. Nf3 Nf6 2. g3 b5 3. Bg2 Bb7 4. d4 e6 5. O-O c5 6. c3 Nc6 7. Nbd2 d5 8. Qc2
Rc8 9. dxc5 Bxc5 10. e4 O-O 11. exd5 Nb4 12. Qd1 Nbxd5 13. Nb3 Be7 14. Qe2 Qb6
15. Nbd4 Ba6 16. Rd1 b4 17. c4 Rxc4 18. Qe1 Bc5 19. Be3 Nxe3 20. fxe3 e5 21.
Nxe5 Rxd4 22. exd4 Bxd4+ 23. Kh1 Re8 24. a3 b3 25. Rxd4 Qxd4 26. Qa5 Qxb2 27.
Re1 Qf2 28. Bc6 Ng4 29. Bg2 Bb7 0-1

[Event "57th Biel Master Open"]
[Site "Biel SUI"]
[Date "2024.07.15"]
[Round "1.3"]
[White "Nesterov, Arseniy"]
[Black "Gueci, Tea"]
[Result "1-0"]
[WhiteTitle "GM"]
[BlackTitle "WIM"]
[WhiteElo "2602"]
[BlackElo "2228"]
[WhiteFideId "24198455"]
[BlackFideId "872342"]
[EventDate "2024.07.15"]

1. d4 d5 2. c4 e6 3. Nc3 Nf6 4. cxd5 exd5 5. Bg5 c6 6. e3 h6 7. Bh4 Be7 8. Bd3
O-O 9. Qc2 Re8 10. Nge2 a5 11. O-O Na6 12. a3 Nc7 13. h3 Ne6 14. Bg3 Bd6 15.
Rab1 Ng5 16. Bxd6 Qxd6 17. Nf4 b5 18. a4 b4 19. Nce2 Nge4 20. Bxe4 Nxe4 21. Rbc1
Bb7 22. Nd3 Ba6 23. Rfe1 b3 24. Qd1 Bxd3 25. Qxd3 Qb4 26. Nc3 Nd6 27. Re2 Re6
28. Kh2 Rb8 29. g3 f5 30. Nb1 Qxa4 31. Qa6 Ne4 32. f3 Ng5 33. h4 Nf7 34. Rc5 Qa1
35. Rxa5 Qxb1 36. Ra1 c5 37. Qa7 Qd3 38. Qxb8+ Kh7 39. Rg2 cxd4 40. Ra8 Rf6 41.
h5 1-0

[Event "57th Biel Master Open"]
[Site "Biel SUI"]
[Date "2024.07.15"]
[Round "1.4"]
[White "Mostertman, Milan"]
[Black "Ganguly, Surya Shekhar"]
[Result "0-1"]
[WhiteTitle "FM"]
[BlackTitle "GM"]
[WhiteElo "2220"]
[BlackElo "2592"]
[WhiteFideId "1025848"]
[BlackFideId "5002150"]
[EventDate "2024.07.15"]

1. e4 e5 2. Nf3 Nc6 3. Bc4 Nf6 4. Ng5 d5 5. exd5 Na5 6. Bb5+ c6 7. dxc6 bxc6 8.
Bd3 Nd5 9. Nf3 Bd6 10. O-O O-O 11. Re1 f5 12. Nxe5 Qf6 13. Nf3 g5 14. c4 Nf4 15.
Bf1 g4 16. d4 gxf3 17. Qxf3 Ne6 18. Qc3 Nb7 19. c5 Bc7 20. Bc4 Na5 21. Bxe6+
Bxe6 22. Nd2 Bd5 23. b3 Kh8 24. Nf3 Rg8 25. g3 f4 26. Ne5 Raf8 27. Nd7 Qh4 28.
Nxf8 Qh3 29. Re4 Rxf8 30. Bb2 f3 0-1

[Event "57th Biel Master Open"]
[Site "Biel SUI"]
[Date "2024.07.15"]
[Round "1.5"]
[White "Sethuraman, S.P."]
[Black "Balabayeva, Xeniya"]
[Result "1-0"]
[WhiteTitle "GM"]
[BlackTitle "WIM"]
[WhiteElo "2589"]
[BlackElo "2210"]
[WhiteFideId "5021596"]
[BlackFideId "13719688"]
[EventDate "2024.07.15"]

1. e4 c6 2. d4 d5 3. e5 Bf5 4. Nf3 e6 5. Nbd2 Nd7 6. Be2 h6 7. O-O Ne7 8. Nb3 a5
9. a4 Bh7 10. Bd2 Nf5 11. Bd3 h5 12. g3 Be7 13. h3 O-O 14. g4 Nh6 15. Bxh7+ Kxh7
16. Kg2 Rh8 17. Qe1 b6 18. Nh2 hxg4 19. hxg4 Nf8 20. Bxh6 gxh6 21. f4 Rg8 22.
Qe3 Ng6 23. Kh1 Nh4 24. Nd2 h5 25. Qd3+ Kh8 26. f5 exf5 27. gxf5 Bg5 28. Qe2 Rg7
29. f6 Rh7 30. Ndf3 Nf5 31. Rg1 Be3 32. Qd3 Qd7 33. Ng5 Bxg1 34. Rxg1 Rh6 35.
Qxf5 1-0

[Event "57th Biel Master Open"]
[Site "Biel SUI"]
[Date "2024.07.15"]
[Round "1.6"]
[White "Pappier, Carlos"]
[Black "Sasikiran, Krishnan"]
[Result "0-1"]
[BlackTitle "GM"]
[WhiteElo "2202"]
[BlackElo "2581"]
[WhiteFideId "102598"]
[BlackFideId "5004985"]
[EventDate "2024.07.15"]

1. d4 g6 2. e4 Bg7 3. Nc3 d6 4. Nge2 a6 5. a4 Nd7 6. g3 c5 7. d5 Rb8 8. a5 Ne5
9. Ng1 f5 10. f4 Nf7 11. exf5 Bxf5 12. Bd3 Qd7 13. Na4 Bxd3 14. Qxd3 e5 15. Nb6
Qe7 16. Ne2 Nf6 17. O-O O-O 18. Nc4 Rbe8 19. Nc3 e4 20. Qd1 Nh6 21. Ra3 Nf5 22.
Ne2 Qf7 23. Rb3 Nxd5 24. g4 Nb4 25. Nxd6 Nxd6 26. Qxd6 Nxc2 27. Rb6 Nd4 28. Ng3
e3 0-1

[Event "57th Biel Master Open"]
[Site "Biel SUI"]
[Date "2024.07.15"]
[Round "1.7"]
[White "Moiseenko, Alexander"]
[Black "Ohler, Julius"]
[Result "1-0"]
[WhiteTitle "GM"]
[BlackTitle "FM"]
[WhiteElo "2570"]
[BlackElo "2188"]
[WhiteFideId "14102560"]
[BlackFideId "16238982"]
[EventDate "2024.07.15"]

1. d4 Nf6 2. c4 e6 3. Nc3 d5 4. Bg5 Be7 5. e3 O-O 6. Nf3 h6 7. Bh4 b6 8. Bd3 Bb7
9. O-O Nbd7 10. Bg3 c5 11. Qe2 cxd4 12. exd4 dxc4 13. Bxc4 Nd5 14. Nxd5 exd5 15.
Bd3 Nf6 16. Ne5 Ne4 17. Qh5 Bd6 18. Bh4 Be7 19. Bxe7 Qxe7 20. Rac1 Rac8 21. f3
Nf6 22. Qf5 Qb4 23. Nd7 Qxd4+ 24. Kh1 Rfd8 25. Nxf6+ Qxf6 26. Qh7+ Kf8 27. Rce1
g6 28. Qxh6+ Kg8 29. f4 Re8 30. Rxe8+ Rxe8 31. f5 Qg7 32. Qh4 gxf5 33. Rxf5 d4
34. Bf1 Re5 35. Qd8+ Kh7 36. Qh4+ Kg8 37. Rf4 Rg5 38. Rxd4 Bd5 39. Qf2 Qe5 40.
Rf4 Bxa2 41. h4 Rg7 42. Rd4 Bb1 43. Qd2 Rg3 44. Rd8+ Kg7 45. Qb4 Kh7 46. Qc4 Bg6
47. Rd5 Qe4 48. Qxe4 Bxe4 49. Rd7 Kg7 50. Rxa7 Rh3+ 51. Kg1 Rxh4 52. Ra4 Rg4 53.
Rb4 Kf6 54. Rxb6+ Ke5 55. Rb4 f5 56. Rc4 Rg3 57. Rc3 Rg6 58. Rc5+ Kd4 59. b4 Bd5
60. Rc2 Be4 61. Rc4+ Ke3 62. Rc3+ Kd4 63. Rb3 f4 64. Kf2 Rc6 65. Rb2 Kc3 66. Re2
Bd3 67. Re1 Rb6 68. Bxd3 Kxd3 69. Kf3 Rxb4 70. Rd1+ Kc3 71. Rd6 Rb2 72. Rg6 Kd4
73. Kxf4 Rf2+ 74. Kg3 Rf7 75. Kh4 Ke5 76. g4 Kf4 77. g5 Kf5 78. Kh5 Rh7+ 79. Rh6
Rf7 80. Rh8 1-0

[Event "57th Biel Master Open"]
[Site "Biel SUI"]
[Date "2024.07.15"]
[Round "1.8"]
[White "Federer, Colin"]
[Black "Harsha, Bharathakoti"]
[Result "0-1"]
[BlackTitle "GM"]
[WhiteElo "2187"]
[BlackElo "2569"]
[WhiteFideId "1345117"]
[BlackFideId "5078776"]
[EventDate "2024.07.15"]

1. e4 c5 2. Nf3 Nc6 3. d4 cxd4 4. Nxd4 Qb6 5. Nb3 Nf6 6. Nc3 e6 7. Be3 Qc7 8. a3
d6 9. Be2 a6 10. O-O Be7 11. a4 b6 12. f4 O-O 13. Bf3 Rb8 14. Qe2 Nd7 15. Qc4
Nc5 16. Nd4 Nxd4 17. Bxd4 Bd7 18. f5 b5 19. axb5 axb5 20. Qb4 Bc6 21. fxe6 Nxe6
22. Bf2 Bf6 23. Ra7 Rb7 24. Rxb7 Qxb7 25. Nd5 Be5 26. Ra1 Kh8 27. Ra7 Qb8 28.
Ne7 Ba8 29. Nd5 f5 30. Ra5 fxe4 31. Bxe4 Ng5 32. Rxb5 Qe8 33. Bd3 Bxd5 34. Rxd5
Qf7 35. Be3 Qxd5 36. Bxg5 Bd4+ 37. Kh1 Bc5 0-1

[Event "57th Biel Master Open"]
[Site "Biel SUI"]
[Date "2024.07.15"]
[Round "1.9"]
[White "Jumabayev, Rinat"]
[Black "Kersten, Uwe"]
[Result "1-0"]
[WhiteTitle "GM"]
[BlackTitle "IM"]
[WhiteElo "2565"]
[BlackElo "2186"]
[WhiteFideId "13702661"]
[BlackFideId "4615646"]
[EventDate "2024.07.15"]

1. e4 c5 2. Nf3 g6 3. d4 cxd4 4. Nxd4 Nf6 5. Nc3 d6 6. f3 Bg7 7. Be3 O-O 8. Qd2
Nc6 9. O-O-O Nxd4 10. Bxd4 Be6 11. Kb1 Qc7 12. h4 Rfc8 13. h5 Qa5 14. hxg6 fxg6
15. a3 Rab8 16. Qe3 Bf7 17. Bxf6 Bxf6 18. Nd5 Bxd5 19. Rxd5 Qc7 20. Qb3 Kg7 21.
f4 b5 22. g4 e6 23. Rd2 e5 24. g5 Bd8 25. fxe5 Bxg5 26. exd6 Qb7 27. Rd5 h6 28.
d7 Rf8 29. e5 a6 30. Bd3 Rbd8 31. e6 Be7 32. Bxg6 Kxg6 33. Rg1+ Bg5 34. e7 1-0

[Event "57th Biel Master Open"]
[Site "Biel SUI"]
[Date "2024.07.15"]
[Round "1.10"]
[White "Kamber, Bruno"]
[Black "Gavrilescu, David"]
[Result "0-1"]
[WhiteTitle "FM"]
[BlackTitle "GM"]
[WhiteElo "2181"]
[BlackElo "2540"]
[WhiteFideId "1300504"]
[BlackFideId "1227190"]
[EventDate "2024.07.15"]

1. e4 c5 2. Nc3 e6 3. Nf3 Nc6 4. Bb5 Nd4 5. O-O a6 6. Bd3 Nc6 7. Nd5 Bd6 8. Ne3
Nf6 9. b4 cxb4 10. a3 bxa3 11. Nc4 Be7 12. e5 d5 13. exd6 Bxd6 14. Nxd6+ Qxd6
15. Bxa3 Qc7 16. Re1 b6 17. Ng5 Ne5 18. Ne4 Nxe4 19. Bxe4 Ra7 20. Bb2 Kf8 21.
Ra3 f6 22. Rc3 Qd8 23. d4 Nf7 24. Ba3+ Kg8 25. Qh5 Ng5 26. d5 g6 27. Qe2 Kg7 28.
dxe6 Bxe6 29. Rd1 Rd7 30. Rxd7+ Qxd7 31. Bd3 Re8 32. Qf1 b5 33. Rc5 Bd5 34. c4
Bxg2 35. Qxg2 Qxd3 36. Rc7+ Kh6 37. Bf8+ Kh5 38. Rxh7+ Nxh7 39. h3 Qd1+ 40. Kh2
Nxf8 0-1

[Event "57th Biel Master Open"]
[Site "Biel SUI"]
[Date "2024.07.15"]
[Round "1.11"]
[White "Kobo, Ori"]
[Black "Demchenko, Svitlana"]
[Result "1-0"]
[WhiteTitle "GM"]
[BlackTitle "WIM"]
[WhiteElo "2529"]
[BlackElo "2176"]
[WhiteFideId "2812320"]
[BlackFideId "14149893"]
[EventDate "2024.07.15"]

1. d4 d5 2. c4 e6 3. Nc3 h6 4. Nf3 Nf6 5. cxd5 exd5 6. Bf4 Bd6 7. Be5 c6 8. e3
Bxe5 9. Nxe5 Nbd7 10. f4 Nxe5 11. fxe5 Ne4 12. Nxe4 dxe4 13. Bc4 Qa5+ 14. Qd2
Qxd2+ 15. Kxd2 Bf5 16. Rhf1 Bg6 17. Rf4 Ke7 18. Raf1 Rhf8 19. a4 Rad8 20. Kc3 h5
21. g4 hxg4 22. Rxg4 Rh8 23. e6 Rxh2 24. exf7 Rh6 25. Rfg1 Rd6 26. Rg5 Kf8 27.
b4 Rf6 28. R1g3 Bxf7 29. Rxg7 Rh4 30. Bxf7 Rxf7 31. Rg8+ Ke7 32. R3g4 Rfh7 33.
R8g7+ Rxg7 34. Rxh4 Rg1 35. Rxe4+ Kd6 36. Rh4 Ra1 37. Rh6+ Kd5 38. Rh5+ Ke4 39.
Re5+ Kf3 40. a5 Rc1+ 41. Kd2 Rb1 42. b5 cxb5 43. d5 Rh1 44. d6 Rh6 45. Rd5 Rh8
46. d7 Rd8 47. Kd3 b4 48. e4 b3 49. Rf5+ Kg4 50. Rf7 b6 51. Kc3 Kg5 52. e5 bxa5
53. Kxb3 Rb8+ 54. Ka3 Kg6 55. e6 1-0

[Event "57th Biel Master Open"]
[Site "Biel SUI"]
[Date "2024.07.15"]
[Round "1.12"]
[White "Rappazzo, Johannes"]
[Black "Koustav, Chatterjee"]
[Result "0-1"]
[BlackTitle "GM"]
[WhiteElo "2169"]
[BlackElo "2525"]
[WhiteFideId "1340069"]
[BlackFideId "25073060"]
[EventDate "2024.07.15"]

1. e4 e5 2. Nf3 Nc6 3. Bc4 Bc5 4. b4 Bxb4 5. c3 Ba5 6. d4 d6 7. Qb3 Qd7 8. O-O
Bb6 9. Nbd2 Na5 10. Qc2 Ne7 11. dxe5 O-O 12. Ba3 Ng6 13. exd6 cxd6 14. Bd5 Qc7
15. c4 Nf4 16. g3 Nxd5 17. exd5 h6 18. Qe4 Bh3 19. Rfe1 Rac8 20. Qh4 Nxc4 21.
Rec1 Nxd2 22. Nxd2 Qd7 23. Ne4 Rxc1+ 24. Rxc1 Re8 25. Re1 Re5 26. Bb2 Bd8 27.
Qf4 Rxd5 28. Qf3 Qf5 29. Qc3 Re5 30. Re2 Ba5 31. Qd3 Rd5 32. Qb3 Bg4 33. Re3
Rd1+ 0-1

[Event "57th Biel Master Open"]
[Site "Biel SUI"]
[Date "2024.07.15"]
[Round "1.13"]
[White "Xiao, Tong(QD)"]
[Black "Frayna, Janelle Mae"]
[Result "1-0"]
[BlackTitle "WGM"]
[WhiteElo "2518"]
[BlackElo "2164"]
[WhiteFideId "8622388"]
[BlackFideId "5212499"]
[EventDate "2024.07.15"]

1. e4 c6 2. d4 d5 3. e5 c5 4. dxc5 e6 5. a3 Nc6 6. Nf3 Bxc5 7. b4 Be7 8. Bb2 f6
9. Nbd2 Nh6 10. c4 O-O 11. exf6 Bxf6 12. Bxf6 Qxf6 13. Be2 Ne5 14. O-O Ng6 15.
Re1 b6 16. cxd5 exd5 17. Nf1 Nf4 18. Qd4 Qd6 19. Ne5 Bb7 20. Ng3 Ne6 21. Qb2
Rad8 22. Rac1 Ng5 23. Bb5 a6 24. Bc6 Bc8 25. Qd4 b5 26. Red1 Be6 27. Bb7 Nf5 28.
Nxf5 Rxf5 29. f4 Nf7 30. Rc6 Qe7 31. Bxa6 Nd6 32. Re1 Ne4 33. g3 g5 34. Ng4 1-0

[Event "57th Biel Master Open"]
[Site "Biel SUI"]
[Date "2024.07.15"]
[Round "1.14"]
[White "Vincenti, Leonardo"]
[Black "Sokolovsky, Yahli"]
[Result "0-1"]
[WhiteTitle "CM"]
[BlackTitle "GM"]
[WhiteElo "2163"]
[BlackElo "2516"]
[WhiteFideId "28550820"]
[BlackFideId "2820242"]
[EventDate "2024.07.15"]

1. e4 e5 2. Nf3 Nc6 3. d4 exd4 4. Nxd4 Bc5 5. Be3 Qf6 6. c3 d6 7. Bc4 Qg6 8. O-O
Ne5 9. Be2 Bh3 10. Bf3 Nf6 11. Nd2 O-O 12. Nf5 Bxf5 13. exf5 Qxf5 14. Bxb7 Rab8
15. Bxc5 dxc5 16. Ba6 Rfd8 17. Qc1 Nfg4 18. f4 Nd3 19. Bxd3 Rxd3 20. Rf3 Ne3 21.
Nf1 Rd1 22. Qxd1 Nxd1 23. Rxd1 c4 24. Rf2 h6 25. Ng3 Qc5 26. Ne4 Qe3 27. Rd4
Rxb2 28. Nd2 Qxc3 29. Rxc4 Qd3 0-1

[Event "57th Biel Master Open"]
[Site "Biel SUI"]
[Date "2024.07.15"]
[Round "1.15"]
[White "Madaminov, Mukhiddin"]
[Black "Malli, Suvirr"]
[Result "1-0"]
[WhiteTitle "IM"]
[WhiteElo "2512"]
[BlackElo "2160"]
[WhiteFideId "14210703"]
[BlackFideId "1341855"]
[EventDate "2024.07.15"]

1. e4 c5 2. Nf3 d6 3. d4 cxd4 4. Nxd4 Nf6 5. Bd3 e5 6. Nf3 Be7 7. c4 O-O 8. Nc3
Na6 9. h3 Be6 10. O-O Nc5 11. b3 Nxd3 12. Qxd3 Ne8 13. Rd1 Kh8 14. Qe3 Qc8 15.
Ba3 f5 16. Nxe5 Bf6 17. exf5 Bxf5 18. Bxd6 Nxd6 19. Rxd6 Re8 20. f4 Be7 21. Rd5
Be6 22. Rd4 Bc5 23. Ne4 Bxd4 24. Qxd4 Qd8 25. Nd6 Rf8 26. f5 Bg8 27. Rd1 Qg5 28.
Rd3 b6 29. Kh2 Qf6 30. Nd7 Qxd4 31. Rxd4 Rfd8 32. Ne5 Rf8 33. Rh4 g5 34. Rd4 Kg7
35. g4 h5 36. gxh5 Kh6 37. Ng4+ Kxh5 38. Ne4 Rad8 39. Ng3+ Kh4 40. Ne3+ Rxd4 41.
Ng2# 1-0

[Event "57th Biel Master Open"]
[Site "Biel SUI"]
[Date "2024.07.15"]
[Round "1.16"]
[White "Asllani, Dorian"]
[Black "Valsecchi, Alessio"]
[Result "0-1"]
[BlackTitle "GM"]
[WhiteElo "2159"]
[BlackElo "2488"]
[WhiteFideId "1341332"]
[BlackFideId "818860"]
[EventDate "2024.07.15"]

1. d4 Nf6 2. c4 e6 3. Nc3 d5 4. Nf3 dxc4 5. e3 a6 6. a4 b6 7. Bxc4 Bb7 8. O-O
Bb4 9. Qe2 O-O 10. Rd1 Qe7 11. Na2 Bd6 12. b3 Nbd7 13. Bb2 e5 14. dxe5 Nxe5 15.
Nxe5 Bxe5 16. h3 Ne4 17. Bd5 Bxb2 18. Qxb2 Bxd5 19. Rxd5 Rad8 20. Rad1 Rxd5 21.
Rxd5 a5 22. Nc1 h6 23. Qc2 Qe6 24. Rd4 Nc5 25. Qc4 Qxc4 26. Rxc4 Rd8 27. Rd4
Rxd4 28. exd4 Ne6 29. Ne2 Kf8 30. f4 c5 31. dxc5 Nxc5 32. Nc3 Ke7 33. Nd5+ Kd6
34. Nxb6 Nxb3 35. Kf2 Kc5 36. Nc8 Kb4 37. Ke3 Kxa4 38. Kd3 Kb4 39. Nb6 Nc5+ 40.
Kc2 Ne6 41. g3 Kc5 42. Nc8 h5 43. Ne7 h4 44. gxh4 Nxf4 45. Nf5 g6 46. Nh6 f5 47.
Ng8 Kd6 48. Nh6 Ke6 49. Kb3 Kf6 50. Ka4 Kg7 51. Ng4 fxg4 52. hxg4 Ng2 53. h5 g5 0-1

[Event "57th Biel Master Open"]
[Site "Biel SUI"]
[Date "2024.07.15"]
[Round "1.17"]
[White "Macovei, Andrei"]
[Black "Vemparala, Nikash"]
[Result "1-0"]
[WhiteTitle "IM"]
[BlackTitle "CM"]
[WhiteElo "2479"]
[BlackElo "2150"]
[WhiteFideId "13904680"]
[BlackFideId "30960967"]
[EventDate "2024.07.15"]

1. e4 e5 2. Nf3 Nc6 3. Bc4 Bc5 4. c3 Nf6 5. d3 O-O 6. O-O d6 7. h3 a6 8. a4 Ba7
9. Re1 Ne7 10. d4 Ng6 11. Nbd2 c6 12. Bf1 Re8 13. a5 Qc7 14. Qc2 Bd7 15. dxe5
Nxe5 16. Nxe5 dxe5 17. Nf3 h6 18. Bc4 Be6 19. Bxe6 Rxe6 20. Nh4 Rd8 21. Nf5 Ne8
22. Be3 Bxe3 23. Nxe3 Nd6 24. Red1 Nb5 25. Rxd8+ Qxd8 26. Nc4 Nd6 27. Rd1 Qe7
28. Ne3 Rg6 29. g3 Qg5 30. Kg2 h5 31. h4 Qe7 32. Qe2 Qf6 33. Qxh5 Rh6 34. Ng4
Rxh5 35. Nxf6+ gxf6 36. Rxd6 Kg7 37. Rd7 Rh8 38. Rxb7 Rd8 39. Rb6 Rd2 40. b4 1-0

[Event "57th Biel Master Open"]
[Site "Biel SUI"]
[Date "2024.07.15"]
[Round "1.18"]
[White "Schnell, Simon"]
[Black "Assaubayeva, Bibisara"]
[Result "1/2-1/2"]
[BlackTitle "IM"]
[WhiteElo "2141"]
[BlackElo "2472"]
[WhiteFideId "1345311"]
[BlackFideId "13708694"]
[EventDate "2024.07.15"]

1. d4 Nf6 2. c4 g6 3. Nc3 Bg7 4. e4 d6 5. Be2 O-O 6. Nf3 Na6 7. O-O e5 8. d5 Nc5
9. Qc2 a5 10. Bg5 h6 11. Be3 b6 12. Nd2 Nfd7 13. b3 f5 14. f3 f4 15. Bf2 Bf6 16.
Kh1 Bh4 17. Bg1 Nf6 18. Rfc1 g5 19. a3 Na6 20. Qb2 g4 21. fxg4 Nxg4 22. Bxg4
Bxg4 23. Nf3 Be7 24. b4 Rf7 25. bxa5 bxa5 26. Qc2 Rg7 27. Na4 h5 28. Rf1 Kh8 29.
c5 Qe8 30. c6 Qg6 31. h3 Rag8 32. Ra2 Bc8 33. Rb2 Qh7 34. Rf2 h4 35. Bh2 Qh5 36.
Qd3 Qh7 1/2-1/2

[Event "57th Biel Master Open"]
[Site "Biel SUI"]
[Date "2024.07.15"]
[Round "1.19"]
[White "Bilguun, Sumiya"]
[Black "Coles, Ruben"]
[Result "1-0"]
[WhiteTitle "GM"]
[WhiteElo "2458"]
[BlackElo "2141"]
[WhiteFideId "4901541"]
[BlackFideId "551017822"]
[EventDate "2024.07.15"]

1. e4 e6 2. Qe2 c5 3. Nf3 Nc6 4. d3 g6 5. g3 Bg7 6. Bg2 Nge7 7. h4 h6 8. O-O O-O
9. c3 e5 10. a3 a5 11. a4 d5 12. Na3 Be6 13. exd5 Bxd5 14. Nc4 Bxc4 15. dxc4 Nf5
16. Nh2 Qe7 17. Ng4 h5 18. Ne3 Nxe3 19. Bxe3 e4 20. Bf4 f5 21. f3 Rae8 22. fxe4
fxe4 23. Rae1 Be5 24. Qxe4 Qg7 25. Qd5+ Kh7 26. Qxc5 Bxf4 27. Rxe8 Rxe8 28. Rxf4
Re1+ 29. Rf1 Re2 30. Rf2 Re1+ 31. Rf1 Re2 32. Bxc6 Qc7 33. Rf4 bxc6 34. Qf8 Qa7+
35. c5 Re7 36. Kh2 Re2+ 37. Kg1 Re1+ 38. Kh2 Re2+ 39. Rf2 Qa6 40. Qf7+ Kh8 41.
Qf3 Rxf2+ 42. Qxf2 Kg8 43. Qe1 Kf7 44. Qe4 Qb7 45. Qc4+ Kg7 46. Qd4+ Kh7 47. b4
Qe7 48. Qd2 Qe4 49. Qg2 Qc4 50. Qxc6 Qxc3 51. bxa5 Qc2+ 52. Qg2 Qxc5 53. a6 Kh6
54. Qb2 Kh7 55. Qb7+ Kh6 56. a7 Qf2+ 57. Kh3 Qf5+ 58. Kg2 Qc2+ 59. Kh1 Qd1+ 60.
Kh2 Qe2+ 61. Qg2 1-0

[Event "57th Biel Master Open"]
[Site "Biel SUI"]
[Date "2024.07.15"]
[Round "1.21"]
[White "Deuer, Marius"]
[Black "Woong, Zhi Wei William"]
[Result "1-0"]
[WhiteTitle "IM"]
[BlackTitle "CM"]
[WhiteElo "2458"]
[BlackElo "2139"]
[WhiteFideId "16236432"]
[BlackFideId "5804906"]
[EventDate "2024.07.15"]

1. d4 d5 2. c4 e6 3. Nc3 Be7 4. cxd5 exd5 5. Bf4 c6 6. e3 Bf5 7. Nge2 Nf6 8. Ng3
Be6 9. Bd3 O-O 10. O-O Re8 11. h3 Nbd7 12. Be5 Nb6 13. Nge2 Nc8 14. Qc2 h6 15.
Bh2 Bd6 16. Nf4 Bb8 17. f3 Nb6 18. Qf2 Qd7 19. g4 Bd6 20. Rad1 Rad8 21. Kh1 Qc7
22. Qh4 Qe7 23. Rg1 Nh7 24. Qf2 c5 25. Nb5 Bxf4 26. Bxf4 c4 27. Bb1 a6 28. Nc7
Rf8 29. Qc2 g6 30. Nxe6 Qxe6 31. Bxh6 Rfe8 32. Bf4 Nf6 33. Kg2 Rc8 34. Kf2 Nbd7
35. h4 Nf8 36. h5 N6h7 37. Rde1 g5 38. Be5 f6 39. Bg3 b5 40. Qd2 Qb6 41. e4 dxe4
42. Rxe4 Red8 43. Kg2 b4 44. Rd1 c3 45. bxc3 bxc3 46. Qe2 Qc6 47. Bc2 Kh8 48.
Re7 Re8 49. d5 Rxe7 50. Qxe7 Qb5 51. h6 Qd7 52. Qxd7 Nxd7 53. Bf5 Nhf8 54. Bd6
Rd8 55. Rc1 1-0

[Event "57th Biel Master Open"]
[Site "Biel SUI"]
[Date "2024.07.15"]
[Round "1.22"]
[White "Nurgaliyeva, Zarina"]
[Black "Materia, Marco"]
[Result "0-1"]
[WhiteTitle "WFM"]
[BlackTitle "IM"]
[WhiteElo "2135"]
[BlackElo "2453"]
[WhiteFideId "13730096"]
[BlackFideId "45150451"]
[EventDate "2024.07.15"]

1. e4 c5 2. Nf3 e6 3. c3 d5 4. exd5 Qxd5 5. d4 Nf6 6. Na3 a6 7. Nc4 Nbd7 8. a4
cxd4 9. Qxd4 Bc5 10. Qxd5 Nxd5 11. Be2 O-O 12. O-O b6 13. Nfe5 Ra7 14. Bf3 a5
15. Rd1 N7f6 16. g4 Ba6 17. Na3 Nd7 18. Nc6 Rc7 19. Bxd5 exd5 20. Nd4 Ne5 21.
Bf4 Re7 22. Bxe5 Rxe5 23. Nac2 h5 24. h3 hxg4 25. hxg4 Be2 26. Re1 Rfe8 27. b4
Bxd4 28. Nxd4 Bxg4 29. Rxe5 Rxe5 30. bxa5 bxa5 31. Nc6 Rh5 32. f4 Rh3 33. Ra3
Kh7 34. Nxa5 d4 35. Ra1 Rxc3 36. Kf2 Rf3+ 37. Kg2 d3 38. Nc6 d2 39. Ne5 Rxf4 40.
Kg3 Rd4 0-1

[Event "57th Biel Master Open"]
[Site "Biel SUI"]
[Date "2024.07.15"]
[Round "1.23"]
[White "Xue, Haowen"]
[Black "Arsenie, Cristian Marc"]
[Result "1-0"]
[WhiteElo "2452"]
[BlackElo "2131"]
[WhiteFideId "8625492"]
[BlackFideId "1345923"]
[EventDate "2024.07.15"]

1. c4 Nf6 2. Nf3 e6 3. g3 d5 4. Bg2 d4 5. O-O Nc6 6. d3 Bc5 7. Nbd2 a5 8. Nb3
Be7 9. e3 dxe3 10. Bxe3 Ng4 11. Bc5 O-O 12. d4 a4 13. Bxe7 Qxe7 14. Nc5 a3 15.
b4 Nxb4 16. Rb1 b6 17. Rxb4 bxc5 18. Rb5 Ba6 19. Rxc5 Bb7 20. Qb1 Rab8 21. Rb5
c6 22. Rb3 Rfd8 23. c5 Qc7 24. Qd3 Nh6 25. Rfb1 Nf5 26. Rb6 Ba8 27. Qxa3 Rxb6
28. cxb6 Qb7 29. h4 g6 30. Ne5 Nxd4 31. Qc5 f6 32. Nc4 Qd7 33. Na5 Bb7 34. a4 e5
35. Nxb7 Qxb7 36. a5 Qa6 37. b7 Rb8 38. Qb6 1-0

[Event "57th Biel Master Open"]
[Site "Biel SUI"]
[Date "2024.07.15"]
[Round "1.24"]
[White "Harish, Neeraj"]
[Black "Holzke, Frank"]
[Result "0-1"]
[WhiteTitle "CM"]
[BlackTitle "GM"]
[WhiteElo "2123"]
[BlackElo "2450"]
[WhiteFideId "30958130"]
[BlackFideId "4600428"]
[EventDate "2024.07.15"]

1. e4 e6 2. d4 a6 3. Nf3 d5 4. e5 c5 5. c3 Bd7 6. Be2 Bb5 7. O-O Bxe2 8. Qxe2
Nc6 9. h4 cxd4 10. cxd4 Nge7 11. h5 Nf5 12. Rd1 Rc8 13. Nc3 h6 14. Be3 Bb4 15.
Rac1 O-O 16. Ne1 f6 17. Nd3 Ncxd4 18. Bxd4 Nxd4 19. Qg4 Bxc3 20. bxc3 Nf5 21. c4
fxe5 22. Nxe5 d4 23. Nf3 Rc5 24. Nxd4 Nxd4 25. Rxd4 Qf6 26. Rf1 Rxh5 27. Qxh5
Qxd4 28. Qe2 e5 29. Rb1 Rf7 30. Rb3 e4 31. Re3 Re7 32. Qc2 Re5 33. Qb3 Kh7 34.
Qxb7 Qxc4 35. Rg3 Qc1+ 36. Kh2 Rh5+ 37. Rh3 Qf4+ 38. Kg1 Rb5 39. Qxa6 Rb1+ 40.
Qf1 Rxf1+ 41. Kxf1 Qc1+ 42. Ke2 Qc2+ 43. Ke1 Qb1+ 44. Ke2 Qxa2+ 45. Ke1 Qb1+ 46.
Ke2 Qg1 47. Rg3 g5 48. f3 e3 0-1